[Event "2016 U.S. Junior Closed Championship"]
[Site "Chess Club and Scholastic Cen"]
[Date "2016.07.08"]
[Round "1.1"]
[White "Checa, Nicolas"]
[Black "Ostrovskiy, Aleksandr"]
[Result "0-1"]
[WhiteElo "2502"]
[BlackElo "2508"]
[PlyCount "114"]
[EventDate "2016.??.??"]
[WhiteClock "0:36:09"]
[BlackClock "0:31:12"]

1. d4 d5 2. Nf3 Nf6 3. c4 dxc4 4. e3 b5 5. a4 b4 6. Bxc4 e6 7. O-O Bb7 8. Nbd2
Be7 9. Ne5 O-O 10. a5 c5 11. Ndf3 cxd4 12. exd4 Bd5 13. Bd3 Nc6 14. a6 Rc8 15.
Be3 Nd7 16. Qe2 Ndxe5 17. Nxe5 b3 18. Bb5 Nxe5 19. dxe5 Rc2 20. Qg4 Qb8 21. Bd3
Rxb2 22. Ra4 g6 23. Qd4 Ra2 24. Rxa2 bxa2 25. Qxa7 Qxe5 26. Bd4 Qg5 27. f3 Bxf3
28. Rxf3 a1=Q+ 29. Bxa1 Bc5+ 30. Bd4 Bxa7 31. Bxa7 Qc1+ 32. Bf1 Ra8 33. Bd4 e5
34. Be3 Qa1 35. a7 Rxa7 36. Bxa7 Qxa7+ 37. Rf2 f5 38. g3 Kg7 39. Kg2 Qd4 40.
Be2 Qe3 41. Kf1 Kf6 42. Bf3 e4 43. Be2 g5 44. Kg1 f4 45. gxf4 gxf4 46. Kg2 Qxe2
47. Rxe2 f3+ 48. Kf2 fxe2 49. Kxe2 Kf5 50. Ke3 Ke5 51. Ke2 Kf4 52. Kf2 e3+ 53.
Ke2 Ke4 54. Ke1 Kf3 55. Kf1 e2+ 56. Ke1 Ke3 57. h3 h5 0-1

[Event "2016 U.S. Junior Closed Championship"]
[Site "Chess Club and Scholastic Cen"]
[Date "2016.07.08"]
[Round "1.2"]
[White "Brown, Michael"]
[Black "Chandra, Akshat"]
[Result "1/2-1/2"]
[WhiteElo "2506"]
[BlackElo "2583"]
[PlyCount "82"]
[EventDate "2016.??.??"]
[WhiteClock "0:24:58"]
[BlackClock "0:27:29"]

1. d4 e6 2. c4 Bb4+ 3. Bd2 a5 4. a3 Bxd2+ 5. Qxd2 Nf6 6. Nc3 O-O 7. e3 d6 8.
Nf3 Qe7 9. Be2 e5 10. Qc2 Bg4 11. dxe5 dxe5 12. Ng5 g6 13. Bxg4 Nxg4 14. h4 c6
15. Qe2 h5 16. f3 Nf6 17. g4 Nbd7 18. Nce4 Nxe4 19. Nxe4 hxg4 20. fxg4 Nc5 21.
Nxc5 Qxc5 22. g5 Rad8 23. O-O Rd6 24. Rad1 Rfd8 25. Rxd6 Rxd6 26. Rf2 e4 27.
Rf4 Rd3 28. Rxe4 Qd6 29. Qf3 Rd1+ 30. Kg2 Rd2+ 31. Kf1 Rxb2 32. Rd4 Qe5 33. Rd7
Qe6 34. Rd4 Qe5 35. Rd7 Qe6 36. Rd4 Kg7 37. Re4 Qd6 38. Rd4 Qe6 39. Re4 Qd6 40.
Rd4 Qe5 41. Rf4 Qe6 1/2-1/2

[Event "2016 U.S. Junior Closed Championship"]
[Site "Chess Club and Scholastic Cen"]
[Date "2016.07.08"]
[Round "1.3"]
[White "Harmon-Vellotti, Luke"]
[Black "Troff, Kayden"]
[Result "1/2-1/2"]
[WhiteElo "2527"]
[BlackElo "2639"]
[PlyCount "88"]
[EventDate "2016.??.??"]
[WhiteClock "0:23:03"]
[BlackClock "0:21:56"]

1. d4 Nf6 2. c4 g6 3. f3 d5 4. cxd5 Nxd5 5. e4 Nb6 6. Nc3 Bg7 7. Be3 O-O 8. Qd2
Nc6 9. O-O-O Qd6 10. Kb1 Rd8 11. Nb5 Qd7 12. d5 a6 13. Nc3 Qe8 14. Qc1 Na7 15.
Nge2 Nb5 16. Nxb5 axb5 17. Bd4 Rxd5 18. Bxg7 Rxd1 19. Qxd1 Kxg7 20. Qc2 c6 21.
Nc1 e5 22. Be2 Qe7 23. Rd1 Be6 24. b3 Nd7 25. Nd3 f6 26. Rc1 Qa3 27. Qb2 Qa7
28. Rd1 c5 29. Nc1 c4 30. bxc4 Rc8 31. cxb5 Nc5 32. Qb4 Na4 33. Qe7+ Kh6 34.
Qxe6 Nc3+ 35. Ka1 Nxd1 36. Qh3+ Kg7 37. Qd7+ Kh6 38. Qxd1 Qe3 39. Kb1 Qf2 40.
Qd2+ g5 41. Qd6 Kg6 42. Nd3 Qg1+ 43. Kb2 Qxg2 44. Nc1 Rxc1 1/2-1/2

[Event "2016 U.S. Junior Closed Championship"]
[Site "Chess Club and Scholastic Cen"]
[Date "2016.07.08"]
[Round "1.4"]
[White "Li, Ruifeng"]
[Black "Xiong, Jeffery"]
[Result "1/2-1/2"]
[WhiteElo "2608"]
[BlackElo "2723"]
[PlyCount "74"]
[EventDate "2016.??.??"]
[WhiteClock "0:01:22"]
[BlackClock "0:04:30"]

1. e4 c5 2. Nc3 d6 3. g3 Nc6 4. Bg2 g6 5. d3 Bg7 6. Be3 Nf6 7. h3 Rb8 8. f4 Nd4
9. Nce2 Nd7 10. c3 Nxe2 11. Nxe2 b5 12. Qd2 Bb7 13. O-O O-O 14. g4 e6 15. f5
exf5 16. gxf5 Re8 17. Bh6 c4 18. fxg6 hxg6 19. Bxg7 Kxg7 20. Qf4 Qe7 21. d4 Rh8
22. Ng3 Rh4 23. Qf2 Rbh8 24. a4 b4 25. cxb4 Nf6 26. Rae1 Nh7 27. e5 d5 28. Qe3
Bc8 29. Bxd5 Ng5 30. Rf6 Nxh3+ 31. Kg2 Bb7 32. Bf3 Bxf3+ 33. Rxf3 Ng5 34. Rf6
Rg4 35. Rf4 Qb7+ 36. Kf1 Rh2 37. Nf5+ gxf5 1/2-1/2

[Event "2016 U.S. Junior Closed Championship"]
[Site "Chess Club and Scholastic Cen"]
[Date "2016.07.08"]
[Round "1.5"]
[White "Liang, Awonder"]
[Black "Bodek, Michael"]
[Result "1-0"]
[WhiteElo "2515"]
[BlackElo "2523"]
[PlyCount "105"]
[EventDate "2016.??.??"]
[WhiteClock "0:16:24"]
[BlackClock "0:17:00"]

1. d4 g6 2. e4 Bg7 3. Nc3 c6 4. Nf3 d5 5. h3 Nh6 6. Bd3 f6 7. O-O Nf7 8. Qe2
O-O 9. Re1 e6 10. Be3 b6 11. Rad1 Bb7 12. Nb1 Nd7 13. c4 dxe4 14. Bxe4 f5 15.
Bc2 Qc7 16. Nc3 e5 17. dxe5 Ndxe5 18. Nxe5 Nxe5 19. Bf4 Rae8 20. c5 Kh8 21. Qe3
b5 22. Qg3 Bf6 23. Bh6 Bg7 24. Bf4 Bf6 25. Re3 Qg7 26. Rde1 b4 27. Rxe5 Rxe5
28. Bxe5 Bxe5 29. Qxe5 bxc3 30. Qxc3 Qxc3 31. bxc3 Rf7 32. Bb3 Rd7 33. f4 Kg7
34. Bc4 Kf8 35. Kf2 Rd2+ 36. Ke3 Rd7 37. Kf3 Rd2 38. Rb1 Rd7 39. Re1 Rd2 40.
Re2 Rd7 41. g3 Rd1 42. Rb2 Rd7 43. g4 fxg4+ 44. hxg4 Kg7 45. Re2 Rc7 46. Re8 h6
47. f5 gxf5 48. gxf5 Bc8 49. Kf4 Kf6 50. Rf8+ Kg7 51. Rg8+ Kh7 52. f6 Ba6 53.
Bb3 1-0

[Event "2016 U.S. Junior Closed Championship"]
[Site "Chess Club and Scholastic Cen"]
[Date "2016.07.09"]
[Round "2.1"]
[White "Ostrovskiy, Aleksandr"]
[Black "Bodek, Michael"]
[Result "1/2-1/2"]
[WhiteElo "2508"]
[BlackElo "2523"]
[PlyCount "42"]
[EventDate "2016.??.??"]
[WhiteClock "0:19:09"]
[BlackClock "0:37:03"]

1. e4 c5 2. Nf3 d6 3. Bb5+ Nd7 4. O-O Ngf6 5. Re1 a6 6. Bd3 b5 7. c4 g5 8. Nxg5
Ne5 9. Bf1 bxc4 10. d4 cxd3 11. f4 Neg4 12. h3 c4 13. hxg4 Nxg4 14. Nh3 Bg7 15.
Kh1 Bd4 16. Qf3 Qa5 17. Bd2 Qh5 18. Bc3 Nf2+ 19. Kh2 Ng4+ 20. Kh1 Nf2+ 21. Kh2
Ng4+ 1/2-1/2

[Event "2016 U.S. Junior Closed Championship"]
[Site "Chess Club and Scholastic Cen"]
[Date "2016.07.09"]
[Round "2.2"]
[White "Xiong, Jeffery"]
[Black "Liang, Awonder"]
[Result "1-0"]
[WhiteElo "2723"]
[BlackElo "2515"]
[PlyCount "107"]
[EventDate "2016.??.??"]
[WhiteClock "0:33:50"]
[BlackClock "0:10:34"]

1. d4 Nf6 2. Nf3 e6 3. Bf4 b6 4. e3 Bb7 5. Be2 Be7 6. h3 O-O 7. O-O d5 8. a4 a6
9. Nbd2 Nbd7 10. c3 c5 11. Qb1 Ne4 12. Nxe4 dxe4 13. Nd2 Nf6 14. Rd1 cxd4 15.
cxd4 Rc8 16. Be5 Qd5 17. b3 Nd7 18. Bf4 Rfd8 19. f3 e5 20. dxe5 Nc5 21. Nxe4
Qxb3 22. Nd6 Bxd6 23. exd6 Qxb1 24. Rdxb1 Nd7 25. Rc1 Rc5 26. e4 Rdc8 27. Rxc5
Rxc5 28. Be3 Rc2 29. Kf1 f6 30. Rd1 Kf8 31. Rd4 Ke8 32. g4 g5 33. Bd3 Rc3 34.
Kf2 Nc5 35. Be2 Rc2 36. Ke1 Rc3 37. Kd2 Ra3 38. Rb4 Ra2+ 39. Ke1 Nxa4 40. Rc4
Nc5 41. Bxc5 bxc5 42. Rxc5 Ra1+ 43. Kf2 Ra2 44. Ke3 Ra3+ 45. Kd4 Ra4+ 46. Bc4
a5 47. Kc3 Ra3+ 48. Kb2 Rxf3 49. Rc7 Rf2+ 50. Kc3 Bxe4 51. Re7+ Kd8 52. Rxe4
Kd7 53. Rd4 Rf3+ 54. Kb2 1-0

[Event "2016 U.S. Junior Closed Championship"]
[Site "Chess Club and Scholastic Cen"]
[Date "2016.07.09"]
[Round "2.3"]
[White "Troff, Kayden"]
[Black "Li, Ruifeng"]
[Result "1/2-1/2"]
[WhiteElo "2639"]
[BlackElo "2608"]
[PlyCount "80"]
[EventDate "2016.??.??"]
[WhiteClock "0:36:40"]
[BlackClock "0:40:42"]

1. d4 d5 2. c4 c6 3. Nf3 Nf6 4. e3 Bf5 5. Nc3 e6 6. Nh4 Be4 7. f3 Bg6 8. Qb3
Qc7 9. g3 Be7 10. Nxg6 hxg6 11. Bd2 Nbd7 12. cxd5 exd5 13. e4 dxe4 14. fxe4 O-O
15. Be2 c5 16. Bf4 Qa5 17. O-O-O cxd4 18. Rxd4 Nc5 19. Qc2 Rac8 20. Kb1 Ne6 21.
Ra4 Qb6 22. e5 Bb4 23. exf6 Bxc3 24. fxg7 Rfe8 25. Rc4 Rxc4 26. Bxc4 Qc6 27.
Rd1 Qxc4 28. Be5 Nc7 29. Bxc3 Nd5 30. Bd4 Qxc2+ 31. Kxc2 Ne3+ 32. Bxe3 Rxe3 33.
Rd7 Re2+ 34. Kc1 Rxh2 35. Rxb7 a5 36. Rb5 a4 37. Ra5 Rh1+ 38. Kc2 Rh2+ 39. Kc1
Rh1+ 40. Kd2 Rh2+ 1/2-1/2

[Event "2016 U.S. Junior Closed Championship"]
[Site "Chess Club and Scholastic Cen"]
[Date "2016.07.09"]
[Round "2.4"]
[White "Chandra, Akshat"]
[Black "Harmon-Vellotti, Luke"]
[Result "1/2-1/2"]
[WhiteElo "2583"]
[BlackElo "2527"]
[PlyCount "95"]
[EventDate "2016.??.??"]
[WhiteClock "0:09:37"]
[BlackClock "0:19:48"]

1. e4 e6 2. d4 d5 3. Nd2 c5 4. exd5 exd5 5. Ngf3 Nc6 6. Bb5 Bd6 7. dxc5 Bxc5 8.
O-O Nge7 9. Nb3 Bd6 10. Re1 O-O 11. Bd3 h6 12. h3 Nf5 13. c3 Qf6 14. Bc2 Rd8
15. Qd3 g6 16. Bd2 Bc7 17. Qe2 Kh7 18. Nbd4 Nfxd4 19. Nxd4 Nxd4 20. cxd4 Be6
21. Qh5 Qg7 22. Qh4 Rdc8 23. Bd3 Bd8 24. Qg3 Bf6 25. Be3 Rc6 26. Rad1 Rac8 27.
Bb1 Kg8 28. Bf4 Bxd4 29. Rxd4 Qxd4 30. Bxh6 Qh8 31. Bf4 Bd7 32. Kh2 Re8 33. Be5
Qh5 34. Bd3 Kh7 35. f4 f6 36. Bd4 Rxe1 37. Qxe1 Re6 38. Qa5 Bc6 39. Qc7+ Kg8
40. Qd8+ Kf7 41. g4 Qh6 42. Kg3 g5 43. Bg6+ Qxg6 44. f5 Qg7 45. fxe6+ Kxe6 46.
Qc8+ Qd7 47. Qg8+ Qf7 48. Qc8+ 1/2-1/2

[Event "2016 U.S. Junior Closed Championship"]
[Site "Chess Club and Scholastic Cen"]
[Date "2016.07.09"]
[Round "2.5"]
[White "Checa, Nicolas"]
[Black "Brown, Michael"]
[Result "0-1"]
[WhiteElo "2502"]
[BlackElo "2506"]
[PlyCount "74"]
[EventDate "2016.??.??"]
[WhiteClock "0:09:17"]
[BlackClock "0:08:02"]

1. c4 Nf6 2. Nf3 e6 3. d4 Bb4+ 4. Bd2 a5 5. a3 Bxd2+ 6. Qxd2 O-O 7. Nc3 d6 8.
e3 Qe7 9. Qc2 e5 10. Be2 Bg4 11. O-O c6 12. h3 Bh5 13. b4 Nbd7 14. Qb2 Bxf3 15.
Bxf3 Nb6 16. Qb3 a4 17. Qa2 e4 18. Bd1 c5 19. bxc5 dxc5 20. d5 Qe5 21. Rb1 Nfd7
22. Rc1 f5 23. Ne2 g5 24. f4 exf3 25. Rxf3 Nc8 26. Bc2 Nd6 27. Rcf1 g4 28. hxg4
fxg4 29. Rxf8+ Rxf8 30. Rxf8+ Kxf8 31. Kf2 Nf6 32. Nf4 Qc3 33. Ne6+ Ke7 34. Qb1
Qd2+ 35. Kf1 g3 36. Qe1 Qxc2 37. Qxg3 Qxc4+ 0-1

[Event "2016 U.S. Junior Closed Championship"]
[Site "Chess Club and Scholastic Cen"]
[Date "2016.07.10"]
[Round "3.1"]
[White "Brown, Michael"]
[Black "Ostrovskiy, Aleksandr"]
[Result "1/2-1/2"]
[WhiteElo "2506"]
[BlackElo "2508"]
[PlyCount "88"]
[EventDate "2016.??.??"]
[WhiteClock "0:33:08"]
[BlackClock "0:20:13"]

1. d4 d5 2. c4 c6 3. Nc3 dxc4 4. e4 b5 5. a4 b4 6. Na2 Nf6 7. e5 Nd5 8. Bxc4 e6
9. Nf3 a5 10. Bg5 Qb6 11. O-O Ba6 12. Qe2 Nd7 13. Nc1 c5 14. Nb3 h6 15. Bd2 Be7
16. Bxa6 Qxa6 17. Qxa6 Rxa6 18. Rfc1 cxd4 19. Rc8+ Bd8 20. Nbxd4 O-O 21. Rc2
Bb6 22. Nb3 Bc7 23. Re1 Raa8 24. Nc5 Nxc5 25. Rxc5 Bb6 26. Rc6 Rfc8 27. Rec1
Rxc6 28. Rxc6 Kf8 29. Kf1 Ke7 30. Ke2 Kd7 31. Rc4 Rc8 32. Rxc8 Kxc8 33. g3 Kd7
34. Be1 Bc7 35. Kd3 Bb6 36. Nd2 Bc7 37. Nc4 Nb6 38. Nxa5 Nxa4 39. Nc4 b3 40.
Bb4 h5 41. Ke4 Bd8 42. Nd2 Nxb2 43. Nxb3 Na4 44. f4 g6 1/2-1/2

[Event "2016 U.S. Junior Closed Championship"]
[Site "Chess Club and Scholastic Cen"]
[Date "2016.07.10"]
[Round "3.2"]
[White "Harmon-Vellotti, Luke"]
[Black "Checa, Nicolas"]
[Result "0-1"]
[WhiteElo "2527"]
[BlackElo "2502"]
[PlyCount "86"]
[EventDate "2016.??.??"]
[WhiteClock "0:29:08"]
[BlackClock "0:36:30"]

1. e4 e6 2. d4 d5 3. Nc3 Bb4 4. e5 Ne7 5. Bd2 b6 6. Qg4 O-O 7. Nf3 Ba6 8. Bxa6
Nxa6 9. O-O-O c5 10. Bg5 Qd7 11. Ne2 Rfc8 12. a3 Ba5 13. Ng3 Ng6 14. Kb1 Qa4
15. Nh5 cxd4 16. Nxd4 Rxc2 17. Qg3 Rc4 18. Qe3 Nc5 19. f3 Kf8 20. h4 b5 21.
Nxg7 b4 22. b3 Nxb3 23. Qxb3 bxa3 24. Qxa4 Rxa4 25. Ka2 Kxg7 26. Bf6+ Kf8 27.
h5 Ne7 28. Rh4 Rc4 29. Rg4 Rb8 30. Rg7 Rb2+ 31. Kxa3 Rb6 32. Rxh7 Bb4+ 33. Ka2
Bc5 34. Rh8+ Ng8 35. Nb3 Rc2+ 36. Kb1 Rc3 37. Rd2 Rcxb3+ 38. Kc2 Be3 39. Kd1
Bxd2 40. Kxd2 Ra3 41. Kc1 d4 42. h6 Rc3+ 43. Kd1 Rb1+ 0-1

[Event "2016 U.S. Junior Closed Championship"]
[Site "Chess Club and Scholastic Cen"]
[Date "2016.07.10"]
[Round "3.3"]
[White "Li, Ruifeng"]
[Black "Chandra, Akshat"]
[Result "1/2-1/2"]
[WhiteElo "2608"]
[BlackElo "2583"]
[PlyCount "114"]
[EventDate "2016.??.??"]
[WhiteClock "0:07:36"]
[BlackClock "0:00:40"]

1. e4 e6 2. d4 d5 3. Nd2 c5 4. Ngf3 cxd4 5. exd5 Qxd5 6. Bc4 Qd6 7. O-O Nf6 8.
Nb3 Nc6 9. Nbxd4 Nxd4 10. Nxd4 a6 11. Re1 Qc7 12. Bb3 Bd6 13. h3 Bh2+ 14. Kf1
Bf4 15. Qf3 Bxc1 16. Raxc1 O-O 17. Kg1 Bd7 18. Rcd1 Rfe8 19. c3 a5 20. a3 Qb6
21. Re5 a4 22. Bc2 Qxb2 23. g4 Qxa3 24. g5 Nd5 25. Bxh7+ Kxh7 26. Qxf7 Re7 27.
g6+ Kh6 28. Qf3 Kxg6 29. Qh5+ Kf6 30. c4 Nf4 31. Qg5+ Kf7 32. Qxf4+ Kg8 33. Rh5
Be8 34. Re5 Qxh3 35. Rde1 Bc6 36. Nxc6 bxc6 37. Qg5 Ree8 38. R5e3 Qh6 39. Qg4
a3 40. Rxe6 Rxe6 41. Rxe6 Qc1+ 42. Kg2 a2 43. Rxc6 Re8 44. Qf5 Qd1 45. Rc8 Qe2
46. Qd5+ Kh8 47. Rxe8+ Qxe8 48. Qa5 Qe4+ 49. Kg3 Qe2 50. Kg2 g6 51. Qd8+ Kg7
52. Qd4+ Kh6 53. Qh8+ Kg5 54. Qd8+ Kf5 55. Qf8+ Kg5 56. Qd8+ Kf5 57. Qf8+ Kg5
1/2-1/2

[Event "2016 U.S. Junior Closed Championship"]
[Site "Chess Club and Scholastic Cen"]
[Date "2016.07.10"]
[Round "3.4"]
[White "Liang, Awonder"]
[Black "Troff, Kayden"]
[Result "1-0"]
[WhiteElo "2515"]
[BlackElo "2639"]
[PlyCount "103"]
[EventDate "2016.??.??"]
[WhiteClock "0:08:11"]
[BlackClock "0:13:50"]

1. e4 c5 2. Nf3 d6 3. d4 cxd4 4. Nxd4 Nf6 5. Nc3 a6 6. Be2 e5 7. Nb3 Be7 8. Be3
Be6 9. Nd5 Nxd5 10. exd5 Bf5 11. Qd2 Nd7 12. O-O O-O 13. Na5 Qc7 14. c4 Bg6 15.
b4 Rfe8 16. Rac1 b6 17. Nc6 Bf8 18. Bd3 Nb8 19. Bxg6 hxg6 20. b5 Nd7 21. a4 a5
22. f4 exf4 23. Rxf4 Be7 24. Qf2 f5 25. h4 Bf6 26. h5 gxh5 27. Rxf5 Re4 28. Rf1
Rae8 29. Bd4 h4 30. Kh1 Rg4 31. Rh5 g6 32. Rh6 Kg7 33. Qf3 Rxd4 34. Rxg6+ Kxg6
35. Qf5+ Kh6 36. Nxd4 Bxd4 37. Qf4+ Kg6 38. Qg4+ Kh6 39. Qxh4+ Kg6 40. Qg4+ Kh6
41. Qf4+ Kh7 42. Qf7+ Kh6 43. Rf5 Re1+ 44. Kh2 Be5+ 45. g3 Bxg3+ 46. Kg2 Re2+
47. Kxg3 Re3+ 48. Kg2 Re2+ 49. Kf1 Rh2 50. Qe6+ Nf6 51. Rxf6+ Kh5 52. Rf5+ 1-0

[Event "2016 U.S. Junior Closed Championship"]
[Site "Chess Club and Scholastic Cen"]
[Date "2016.07.10"]
[Round "3.5"]
[White "Bodek, Michael"]
[Black "Xiong, Jeffery"]
[Result "0-1"]
[WhiteElo "2523"]
[BlackElo "2723"]
[PlyCount "86"]
[EventDate "2016.??.??"]
[WhiteClock "0:28:15"]
[BlackClock "0:35:19"]

1. e4 c5 2. Nf3 d6 3. d4 Nf6 4. Nc3 cxd4 5. Qxd4 a6 6. Be3 Nc6 7. Qd2 e6 8.
O-O-O Be7 9. Bf4 Ng4 10. h3 Nge5 11. Nxe5 Nxe5 12. Bh2 O-O 13. f4 Nc6 14. Kb1
b5 15. Be2 Rb8 16. f5 b4 17. Na4 Qa5 18. b3 e5 19. Bg1 Nd4 20. Bxd4 exd4 21.
Qxd4 Bb7 22. Nb6 Bf6 23. Nc4 Qb5 24. Qxd6 Bxe4 25. Bd3 Rbd8 26. Qg3 Qd5 27. Qf2
Bxg2 28. Rhg1 Be4 29. Rge1 h6 30. a4 Bc3 31. Nb6 Qc6 32. Bxe4 Qxe4 33. Rg1 Bd4
34. Qg3 Bxg1 35. Rxg1 Qd4 36. Nc4 Rfe8 37. Nb2 Re3 38. Qf2 Rxh3 39. Qg2 Rh5 40.
Rf1 Rg5 41. Qh1 Qf6 42. Qe4 Rd4 43. Qe3 Rd5 0-1

[Event "2016 U.S. Junior Closed Championship"]
[Site "Chess Club and Scholastic Cen"]
[Date "2016.07.11"]
[Round "4.1"]
[White "Ostrovskiy, Aleksandr"]
[Black "Xiong, Jeffery"]
[Result "1-0"]
[WhiteElo "2508"]
[BlackElo "2723"]
[PlyCount "91"]
[EventDate "2016.??.??"]
[WhiteClock "0:06:15"]
[BlackClock "0:18:56"]

1. e4 c5 2. Nf3 d6 3. Bb5+ Nd7 4. O-O a6 5. Bd3 Ngf6 6. Re1 e6 7. c3 b5 8. a4
c4 9. Be2 Bb7 10. axb5 axb5 11. Rxa8 Bxa8 12. d3 Be7 13. Nbd2 cxd3 14. Bxd3 Qb6
15. b4 e5 16. Qe2 Bc6 17. Nb3 O-O 18. Na5 Rb8 19. Nxc6 Qxc6 20. Bd2 h6 21. Nh4
Bf8 22. Nf5 d5 23. exd5 Qxd5 24. Ng3 Qa2 25. Rd1 Qb3 26. Rb1 Qa2 27. Rd1 Qb3
28. Rb1 Qa2 29. Be1 Qd5 30. Ra1 Ne8 31. Ra5 Nc7 32. c4 Qc6 33. c5 g6 34. Ne4
Ne6 35. Nc3 Nd4 36. Qa2 Nxc5 37. bxc5 b4 38. Ne4 Be7 39. h3 Qd7 40. Bc4 b3 41.
Qb2 Qf5 42. Bd3 Qd7 43. Ra6 Nc6 44. Bc4 Qd4 45. Qxd4 Nxd4 46. Rxg6+ 1-0

[Event "2016 U.S. Junior Closed Championship"]
[Site "Chess Club and Scholastic Cen"]
[Date "2016.07.11"]
[Round "4.2"]
[White "Troff, Kayden"]
[Black "Bodek, Michael"]
[Result "1/2-1/2"]
[WhiteElo "2639"]
[BlackElo "2523"]
[PlyCount "69"]
[EventDate "2016.??.??"]
[WhiteClock "0:02:45"]
[BlackClock "0:32:39"]

1. d4 Nf6 2. c4 e6 3. Nf3 d5 4. Nc3 dxc4 5. e4 Bb4 6. Bxc4 Nxe4 7. O-O Nxc3 8.
bxc3 Be7 9. Ne5 O-O 10. Qg4 Nc6 11. Re1 Nxe5 12. dxe5 f5 13. exf6 Bxf6 14. Ba3
Rf7 15. Rad1 Qe8 16. Re3 Qa4 17. Bb4 a5 18. Bb3 Qe8 19. Ba3 a4 20. Bc2 e5 21.
Qh5 g6 22. Bxg6 hxg6 23. Qxg6+ Kh8 24. Qh5+ Kg8 25. Rg3+ Bg7 26. Rxg7+ Kxg7 27.
Rd3 Bg4 28. Qxg4+ Kh8 29. Bc1 Rg7 30. Qh4+ Kg8 31. Rh3 Qg6 32. Qc4+ Qf7 33. Qh4
Qg6 34. Qc4+ Qf7 35. Qh4 1/2-1/2

[Event "2016 U.S. Junior Closed Championship"]
[Site "Chess Club and Scholastic Cen"]
[Date "2016.07.11"]
[Round "4.3"]
[White "Chandra, Akshat"]
[Black "Liang, Awonder"]
[Result "1/2-1/2"]
[WhiteElo "2583"]
[BlackElo "2515"]
[PlyCount "78"]
[EventDate "2016.??.??"]
[WhiteClock "0:00:52"]
[BlackClock "0:01:15"]

1. d4 Nf6 2. c4 g6 3. Nf3 Bg7 4. g3 c6 5. Bg2 d5 6. O-O O-O 7. Nbd2 Bf5 8. b3
Ne4 9. Bb2 Nd7 10. Nh4 Nxd2 11. Qxd2 Be6 12. e4 dxe4 13. Bxe4 Bh3 14. Rfe1 Nf6
15. Bh1 Qd6 16. a4 Rfe8 17. Nf3 Rad8 18. Qa5 Qb8 19. b4 Nd7 20. Qg5 h6 21. Qc1
Qd6 22. b5 c5 23. d5 Bxb2 24. Qxb2 e6 25. Ne5 exd5 26. Nxd7 Qxd7 27. Bxd5 Rxe1+
28. Rxe1 Re8 29. Re5 b6 30. f3 Rxe5 31. Qxe5 Qf5 32. Qe2 h5 33. Kf2 Kg7 34.
Qb2+ Qf6 35. Qxf6+ Kxf6 36. Ke3 Bf5 37. Be4 Be6 38. Bd3 Ke5 39. Be2 Kd6 1/2-1/2

[Event "2016 U.S. Junior Closed Championship"]
[Site "Chess Club and Scholastic Cen"]
[Date "2016.07.11"]
[Round "4.4"]
[White "Checa, Nicolas"]
[Black "Li, Ruifeng"]
[Result "1/2-1/2"]
[WhiteElo "2502"]
[BlackElo "2608"]
[PlyCount "137"]
[EventDate "2016.??.??"]
[WhiteClock "0:24:11"]
[BlackClock "0:15:43"]

1. d4 Nf6 2. c4 e6 3. Nf3 b6 4. g3 Bb7 5. Bg2 g6 6. O-O Bg7 7. Bg5 h6 8. Bf4 d6
9. Qc2 Nbd7 10. Nc3 O-O 11. Rad1 Qe7 12. Rfe1 e5 13. dxe5 Nxe5 14. Nxe5 Bxg2
15. Nxg6 fxg6 16. Kxg2 Qf7 17. Qd3 Nd7 18. Qd5 g5 19. Bd2 Ne5 20. b3 Ng4 21.
Rf1 Rae8 22. h3 Bxc3 23. Bxc3 Qxd5+ 24. Rxd5 Nf6 25. Rf5 Ne4 26. Rxf8+ Kxf8 27.
Bb2 Nc5 28. e3 a5 29. g4 Kf7 30. Rd1 a4 31. b4 Nd7 32. Rd5 a3 33. Rf5+ Kg6 34.
Bd4 c5 35. Bc3 Re4 36. Rd5 Kf7 37. bxc5 Rxc4 38. c6 Rxc6 39. Bb4 Ke6 40. Rd2
Ne5 41. Bxa3 Nc4 42. Rd3 Ne5 43. Rd1 Nc4 44. Rc1 b5 45. Bb2 Ra6 46. Bg7 Rxa2
47. Bxh6 Kf6 48. h4 gxh4 49. Rb1 Rb2 50. Rc1 Ra2 51. Rb1 Ne5 52. Rxb5 Nxg4 53.
Bg5+ Ke6 54. Bxh4 Nxe3+ 55. Kf3 Nf5 56. Rb4 Ra3+ 57. Ke2 Ke5 58. Bg3+ Kd5 59.
Rb5+ Ke6 60. Rb4 Ra6 61. Bf4 d5 62. Be3 Ra2+ 63. Kd3 Ra3+ 64. Kd2 Nd6 65. Rh4
Ne4+ 66. Ke2 Ra4 67. Rh6+ Kf5 68. Rh5+ Kg6 69. Rh6+ 1/2-1/2

[Event "2016 U.S. Junior Closed Championship"]
[Site "Chess Club and Scholastic Cen"]
[Date "2016.07.11"]
[Round "4.5"]
[White "Brown, Michael"]
[Black "Harmon-Vellotti, Luke"]
[Result "1/2-1/2"]
[WhiteElo "2506"]
[BlackElo "2527"]
[PlyCount "110"]
[EventDate "2016.??.??"]
[WhiteClock "0:11:46"]
[BlackClock "0:14:39"]

1. d4 Nf6 2. c4 e6 3. Nc3 Bb4 4. e3 O-O 5. Bd3 d5 6. Nf3 c5 7. O-O Nc6 8. a3
Bxc3 9. bxc3 dxc4 10. Bxc4 Qc7 11. Bb2 e5 12. h3 Bf5 13. Qe2 Rad8 14. Rad1 Be4
15. Ba2 a6 16. Ng5 Bg6 17. d5 Nb8 18. c4 e4 19. f3 exf3 20. Qxf3 Nbd7 21. Bb1
Bxb1 22. Rxb1 Rfe8 23. Qf5 Re7 24. Rbd1 Qd6 25. Qb1 Qg3 26. d6 Rxe3 27. Bxf6
Nxf6 28. Rxf6 Qxg5 29. Rf5 Qg6 30. Qb6 Rde8 31. Qxc5 Re2 32. Rg5 Qc2 33. Qd5 h6
34. Rg3 R8e5 35. Qd3 Re1+ 36. Rxe1 Rxe1+ 37. Kh2 Qc1 38. Rf3 Rh1+ 39. Kg3 Rd1
40. Qf5 Rxd6 41. Qxf7+ Kh7 42. Kh2 Rd1 43. Qf5+ Kh8 44. Qf8+ Kh7 45. Qf5+ Kh8
46. Qg6 Rd8 47. Rf7 Qb2 48. Re7 b6 49. a4 a5 50. Re6 Qd4 51. Rc6 Rb8 52. Qg3
Rf8 53. Qg6 Qe5+ 54. Qg3 Qd4 55. Qg6 Qe5+ 1/2-1/2

[Event "2016 U.S. Junior Closed Championship"]
[Site "Chess Club and Scholastic Cen"]
[Date "2016.07.12"]
[Round "5.1"]
[White "Harmon-Vellotti, Luke"]
[Black "Ostrovskiy, Aleksandr"]
[Result "1-0"]
[WhiteElo "2527"]
[BlackElo "2508"]
[PlyCount "123"]
[EventDate "2016.??.??"]
[WhiteClock "0:06:07"]
[BlackClock "0:00:33"]

1. e4 e6 2. d4 d5 3. Nc3 Nf6 4. Bg5 Bb4 5. e5 h6 6. Bd2 Bxc3 7. bxc3 Ne4 8. Qg4
Kf8 9. Bd3 Nxd2 10. Kxd2 c5 11. Nf3 c4 12. Be2 b5 13. h4 Nc6 14. h5 a5 15. a3
Bd7 16. Rhb1 Rb8 17. Qf4 Qe7 18. g4 Ke8 19. g5 Kd8 20. gxh6 gxh6 21. Qf6 Kc7
22. Qxe7 Nxe7 23. Nh2 f5 24. exf6 Ng8 25. f7 Nf6 26. Nf3 Ne4+ 27. Ke3 Nxc3 28.
Rg1 Rhf8 29. Ne5 Ne4 30. Rg7 Nd6 31. Bg4 c3 32. Kd3 Nc4 33. Ng6 Kd6 34. Nxf8
Rxf8 35. Re1 b4 36. axb4 axb4 37. Rb1 Nb2+ 38. Ke3 Ba4 39. Rg6 Rxf7 40. Rxe6+
Kc7 41. Rxh6 Bxc2 42. Ra1 Nc4+ 43. Ke2 Re7+ 44. Kf3 Kb7 45. Rha6 Na3 46. R6xa3
bxa3 47. Rxa3 Be4+ 48. Kf4 c2 49. Ra1 Kc6 50. Rc1 Kb5 51. h6 Kc4 52. Bd1 Kc3
53. Bxc2 Bxc2 54. Kg5 Kd2 55. Rxc2+ Kxc2 56. f4 Kd3 57. f5 Kxd4 58. f6 Ra7 59.
Kg6 Ke5 60. f7 Ra8 61. Kg7 Ra7 62. Kg8 1-0

[Event "2016 U.S. Junior Closed Championship"]
[Site "Chess Club and Scholastic Cen"]
[Date "2016.07.12"]
[Round "5.2"]
[White "Li, Ruifeng"]
[Black "Brown, Michael"]
[Result "1-0"]
[WhiteElo "2608"]
[BlackElo "2506"]
[PlyCount "97"]
[EventDate "2016.??.??"]
[WhiteClock "0:47:58"]
[BlackClock "0:40:17"]

1. e4 e5 2. Nf3 Nc6 3. Bb5 a6 4. Ba4 Nf6 5. O-O Be7 6. Nc3 b5 7. Bb3 d6 8. a3
O-O 9. h3 Nb8 10. d3 c6 11. Ne2 Nbd7 12. Ng3 Nc5 13. Ba2 Be6 14. Bxe6 Nxe6 15.
c3 Qc7 16. Re1 Rfe8 17. d4 Bf8 18. Qc2 g6 19. Be3 Bg7 20. Rad1 Nd7 21. Qc1 Rad8
22. Ng5 c5 23. Nxe6 Rxe6 24. dxc5 dxc5 25. Rd5 Rde8 26. Red1 Nb6 27. Rxc5 Qb8
28. b3 Bf8 29. Rcd5 Nxd5 30. exd5 R6e7 31. Ne4 Bg7 32. c4 f5 33. Nc5 Qd6 34.
Ne6 Rxe6 35. c5 Rc8 36. Qd2 Qe7 37. dxe6 Qxe6 38. Qd6 Qxd6 39. cxd6 Bf6 40. d7
Ra8 41. Bb6 Bd8 42. Rc1 Kf7 43. Rc8 Bxb6 44. Rxa8 Ke7 45. Rxa6 Bc7 46. Ra8 Kxd7
47. Rh8 Bd6 48. Rxh7+ Ke6 49. a4 1-0